000
00338nam a22001457a 4500
008
230615b ||||| |||| 00| 0 eng d
020
_a
978082615400
041
_a
eng
080
_a
610.73
082
_a
610.73CAM
100
_a
7
101
_a
INF
245
_a
METHODOLOGICAL ISSUES IN AGING RESEARCH
_c
CAMPBELL.T.R
942
_2
udc
_c
BK
999
_c
59982
_d
59982